Insurrección en Magallanes. Relación del apresamiento y escapada del capitán Chas. H. Brown del poder de los penados chilenos. Traducción y anotaciones de J. T. Medina
Gespeichert in:
| Format: | Buch |
|---|---|
| Sprache: | Spanisch |
| Veröffentlicht: |
Santiago
Imprenta Universitaria, Estado 63
1923
|
| Ausgabe: | 1a. ed |
| Schlagworte: | |
| Tags: |
Tag hinzufügen
Keine Tags, Fügen Sie den ersten Tag hinzu!
|
MARC
| LEADER | 00000nam a2200000 a 4500 | ||
|---|---|---|---|
| 001 | UCJ3465 | ||
| 003 | CL-VaPUC | ||
| 005 | 20241021123808.0 | ||
| 008 | 070124e19230000CL |||||||||||||||||spa|d | ||
| 999 | |c 319587 |d 319585 | ||
| 040 | |c Pontificia Universidad Católica de Valparaíso | ||
| 082 | 0 | 4 | |a 983 |b MED |2 21 |
| 245 | 1 | 0 | |a Insurrección en Magallanes. Relación del apresamiento y escapada del capitán Chas. H. Brown del poder de los penados chilenos. Traducción y anotaciones de J. T. Medina |
| 250 | |a 1a. ed | ||
| 260 | |a Santiago |b Imprenta Universitaria, Estado 63 |c 1923 | ||
| 300 | |a 185 p | ||
| 500 | |a 8§.- Port.- v.: (entre filetes dobles) Tirada de 200 ejemplares.- Chiappa-Feliú Cruz, N§ 296 | ||
| 583 | |a last modification |c 20070124 00:00:00 |k Rodrigo Vera | ||
| 600 | 0 | 7 | |a APPLETON, E. H. |2 CL-VaPUC |9 505319 |
| 600 | 0 | 7 | |a MUÑOZ GAMERO, BENJAMIN |2 CL-VaPUC |9 505320 |
| 600 | 0 | 7 | |a LOVETT, JOHN |2 CL-VaPUC |9 446150 |
| 600 | 0 | 7 | |a SHAW, BENJAMIN G |2 CL-VaPUC |9 505321 |
| 600 | 0 | 7 | |a CAMBIASO, MIGUEL JOSE |2 CL-VaPUC |9 446149 |
| 650 | 7 | |a MOTINES |2 CL-VaPUC |9 446151 | |
| 650 | 7 | |a CRIMINALES |2 CL-VaPUC |9 322996 | |
| 650 | 7 | |a SECUESTRO |2 CL-VaPUC |9 382344 | |
| 651 | 7 | |a PUNTA ARENAS |2 CL-VaPUC |9 314722 | |
| 651 | 0 | |a Magallanes |9 265180 | |
| 942 | |c BK |2 ddc | ||
| 945 | |d 20070124 00:00:00 |a rinostro | ||
| 952 | |0 0 |1 0 |4 0 |6 983_000000000000000_MED_1923 |7 0 |8 X |9 397937 |a FDOBUD |b FDOBUD |d 2019-11-22 |i 1003852 |o 983 MED 1923 |p 1003852 |r 2019-11-22 |w 2019-11-22 |y BK_X |k BUD | ||